Welcome to the Holygrace Academy Library

Please use search bar below to get started

A PORTRAIT OF THE ARTIST AS A YOUNG MAN (Record no. 3396)

MARC details
000 -LEADER
fixed length control field 00603nam a22001457a 4500
020 ## - INTERNATIONAL STANDARD BOOK NUMBER
ISBN 9789352762903
082 ## - DEWEY DECIMAL CLASSIFICATION NUMBER
Classification number 823
Item number JOY/P
100 ## - MAIN ENTRY--AUTHOR NAME
Personal name JOYEE, JAMES
245 ## - TITLE STATEMENT
Title A PORTRAIT OF THE ARTIST AS A YOUNG MAN
260 ## - PUBLICATION, DISTRIBUTION, ETC. (IMPRINT)
Place of publication DELHI
Name of publisher OM BOOKS INTERNATIONAL
Year of publication 2018
300 ## - PHYSICAL DESCRIPTION
Number of Pages 218
520 ## - SUMMARY, ETC.
Summary, etc A Portrait of the Artist as a Young Man (1916) is a novel by the Irish modernist writer James Joyce. It follows the intellectual, moral and spiritual development of a young Catholic Irishman, Stephen Dedalus, and his struggle against the restrictions his culture imposes.
650 ## - SUBJECT ADDED ENTRY--TOPICAL TERM
Topical Term NOVEL
Geographic subdivision INDIA
942 ## - ADDED ENTRY ELEMENTS (KOHA)
Koha item type Books
Holdings
Withdrawn status Lost status Collection code Home library Current library Shelving location Date acquired Source of acquisition Cost, normal purchase price Full call number Accession Number Koha item type
    Fiction Main Library Main Library SHELF-14G- ALPHABETICAL J,K,L --ENGLISH NOVELS & FICTIONS 14/01/2019 purchase 150.00 823 JOY/P 10388 Books